[Event "Scarborough CC ch Reserves op"]
[Site "Toronto CAN"]
[Date "2010.03.04"]
[Round "2"]
[White "Marcille, Gord"]
[Black "Maister, Martin"]
[Result "0-1"]
[WhiteElo "1778"]
[BlackElo "1875"]
[PlyCount "50"]
[EventDate "2010.02.25"]
[EventType "swiss"]
[EventRounds "9"]
[EventCountry "CAN"]

1. e4 c5 2. Nf3 d6 3. Nc3 Nc6 4. d4 cxd4 5. Nxd4 g6 6. Be3 Bg7 7. Qd2 Nf6 8. f3
O-O 9. h4 Nxd4 10. Bxd4 e5 11. Be3 Nh5 12. g4 Ng3 13. Rh3 Nxf1 14. Kxf1 f5 15.
gxf5 gxf5 16. Bh6 f4 17. Bg5 Bxh3+ 18. Ke1 Bf6 19. Qd5+ Kh8 20. Kd2 Bxg5 21.
hxg5 Qxg5 22. Ne2 Qe7 23. Rh1 Be6 24. Qd3 Rac8 25. Nc3 Bc4 0-1

[Event "Scarborough CC ch Reserves op"]
[Site "Toronto CAN"]
[Date "2010.03.04"]
[Round "2"]
[White "Mesiti, Silvano"]
[Black "Kurkowski, Ken"]
[Result "1/2-1/2"]
[WhiteElo "1735"]
[BlackElo "1623"]
[PlyCount "90"]
[EventDate "2010.02.25"]
[EventType "swiss"]
[EventRounds "9"]
[EventCountry "CAN"]

1. e4 c5 2. Nf3 Nc6 3. Nc3 g6 4. Nd5 Bg7 5. d3 d6 6. c3 Bg4 7. Be2 e6 8. Ne3
Bxf3 9. Bxf3 Nge7 10. O-O O-O 11. Bd2 b5 12. Qc2 Rb8 13. Rfe1 b4 14. Ng4 Rb6
15. Bh6 Qb8 16. Bxg7 Kxg7 17. Qd2 Ng8 18. b3 bxc3 19. Qxc3+ Nd4 20. Ne3 Nf6 21.
Bd1 e5 22. Nc2 Rc8 23. Ne3 Rbc6 24. h3 Qb4 25. Qxb4 cxb4 26. Nc4 Nd7 27. Re3
Nc5 28. Rb1 h5 29. Rb2 Nde6 30. g3 Nd4 31. Kf1 Nce6 32. h4 Nb5 33. Ree2 Ned4
34. Red2 Nc3 35. Kg2 f6 36. Kf1 d5 37. exd5 Nxd5 38. Kg2 Nc3 39. Bf3 Nxf3 40.
Kxf3 Rd8 41. Ke3 Rd4 42. f3 Rc5 43. Rbc2 Nd5+ 44. Ke2 f5 45. Kf2 Kf6 1/2-1/2

[Event "Scarborough CC ch Reserves op"]
[Site "Toronto CAN"]
[Date "2010.03.04"]
[Round "2"]
[White "Posaratnanathan, Juliaan"]
[Black "Al Ganabi, Haqi"]
[Result "0-1"]
[WhiteElo "1694"]
[BlackElo "1981"]
[PlyCount "79"]
[EventDate "2010.02.25"]
[EventType "swiss"]
[EventRounds "9"]
[EventCountry "CAN"]

1. e4 e6 2. d4 d5 3. Nc3 Nf6 4. Bg5 Be7 5. e5 Nfd7 6. Bxe7 Qxe7 7. Nf3 O-O 8.
a3 c5 9. Nb5 Nc6 10. c3 f6 11. Bd3 fxe5 12. dxe5 Ndxe5 13. Nxe5 Nxe5 14. Bxh7+
Kxh7 15. Qh5+ Kg8 16. Qxe5 Rf5 17. Qd6 Qxd6 18. Nxd6 Re5+ 19. Kd2 d4 20. Rae1
Rg5 21. g3 Bd7 22. f4 Rd5 23. Nc4 Bb5 24. Ne5 dxc3+ 25. Kxc3 Rad8 26. Re3 Rd2
27. h4 Rg2 28. Nc4 Rd4 29. b3 Bc6 30. Rb1 b5 31. Ne5 Rdd2 32. Nxc6 a6 33. b4 c4
34. Nb8 Rd6 35. Rb2 Rg1 36. Rd2 Rc1+ 37. Kb2 Re1 38. Ree2 Rg1 39. Re1 Rxd2+ 40.
Kc3 0-1

[Event "Scarborough CC ch Reserves op"]
[Site "Toronto CAN"]
[Date "2010.03.04"]
[Round "2"]
[White "Radpey, Abdolreza"]
[Black "Armstrong, Robert J"]
[Result "1/2-1/2"]
[WhiteElo "1555"]
[BlackElo "1746"]
[PlyCount "117"]
[EventDate "2010.02.25"]
[EventType "swiss"]
[EventRounds "9"]
[EventCountry "CAN"]

1. Nf3 g6 2. c4 Bg7 3. d4 Nf6 4. Nc3 O-O 5. g3 d6 6. Bg2 Nc6 7. O-O e5 8. d5
Ne7 9. e4 h6 10. h3 Nh7 11. Be3 f5 12. exf5 Nxf5 13. Qd2 Nxe3 14. fxe3 Bd7 15.
Nh4 Qe8 16. Qd3 g5 17. Rxf8+ Nxf8 18. Nf5 Bxf5 19. Qxf5 a6 20. Rf1 Qd7 21. Qf3
b5 22. Ne4 bxc4 23. Nf6+ Bxf6 24. Qxf6 Qg7 25. Qxg7+ Kxg7 26. Rc1 Rb8 27. Rc2
Nd7 28. Rxc4 Rb7 29. b3 Nc5 30. h4 Kf6 31. hxg5+ hxg5 32. Kh2 a5 33. Kh3 Rb4
34. Rc3 Kf5 35. e4+ Nxe4 36. g4+ Kg6 37. Rxc7 Nf2+ 38. Kg3 Nxg4 39. Rc6 Ne3 40.
Rxd6+ Kf7 41. Kf3 Nxg2 42. Kxg2 Rd4 43. Kf3 Rf4+ 44. Ke3 Rd4 45. a3 g4 46. b4
axb4 47. axb4 Rxb4 48. Re6 e4 49. Rh6 g3 50. Rh1 Ke7 51. Rd1 Kd6 52. Kf4 g2 53.
Kg3 Rb2 54. Kh2 e3 55. Re1 Kxd5 56. Rxe3 Kd4 57. Rg3 Ke4 58. Ra3 g1=Q+ 59. Kxg1
1/2-1/2

[Event "Scarborough CC ch Reserves op"]
[Site "Toronto CAN"]
[Date "2010.03.04"]
[Round "2"]
[White "Song, Michael"]
[Black "Mahoney, Ian"]
[Result "1/2-1/2"]
[WhiteElo "1858"]
[BlackElo "1622"]
[PlyCount "76"]
[EventDate "2010.02.25"]
[EventType "swiss"]
[EventRounds "9"]
[EventCountry "CAN"]

1. Nf3 d5 2. c4 e6 3. d4 c5 4. cxd5 exd5 5. Nc3 Nc6 6. e3 Nf6 7. Bb5 a6 8.
Bxc6+ bxc6 9. O-O Bd6 10. h3 O-O 11. dxc5 Bxc5 12. b3 Re8 13. Bb2 Qd6 14. Na4
Ba7 15. Bd4 Ne4 16. Bxa7 Rxa7 17. Nd2 Ng5 18. f4 Nxh3+ 19. gxh3 Bxh3 20. Rf2
Qg6+ 21. Kh1 Rxe3 22. Qg1 Rg3 23. Qh2 Re7 24. Nf3 Re3 25. Rg1 Rxg1+ 26. Qxg1
Qe4 27. Qg3 Bf5 28. Nc5 Qb4 29. Qg5 g6 30. Qd8+ Kg7 31. Nxa6 Qxf4 32. Qh4 Qxh4+
33. Nxh4 Rh3+ 34. Rh2 Be4+ 35. Kg1 Rc3 36. b4 d4 37. Rd2 d3 38. Nc5 Rc4 1/2-1/2

[Event "Scarborough CC ch Reserves op"]
[Site "Toronto CAN"]
[Date "2010.03.04"]
[Round "2"]
[White "Super, Russell"]
[Black "Moran-Venegas, Mario"]
[Result "1-0"]
[WhiteElo "1449"]
[BlackElo "1735"]
[PlyCount "71"]
[EventDate "2010.02.25"]
[EventType "swiss"]
[EventRounds "9"]
[EventCountry "CAN"]

1. e4 c5 2. Nf3 d6 3. d4 cxd4 4. Nxd4 Nf6 5. Nc3 a6 6. Be2 Nc6 7. O-O e5 8. Nb3
Be6 9. Bg5 Be7 10. h3 O-O 11. Qd2 Qc7 12. Rad1 Rad8 13. a4 Nb4 14. f4 h6 15.
Bxf6 Bxf6 16. f5 Bc4 17. Bxc4 Qxc4 18. Kh1 Bg5 19. Qf2 Qc7 20. Nc1 Rd7 21. Nd3
Qc4 22. Nxe5 dxe5 23. Rxd7 Nxc2 24. Qe2 Qb3 25. Rf2 Nd4 26. Qd1 Qb6 27. Qd3 Rc8
28. g3 Bc1 29. Nd5 Qa5 30. Ne7+ Kh7 31. Nxc8 Qxa4 32. Rxf7 Qa1 33. f6 Bxb2+ 34.
Kg2 Ne6 35. Qd7 Bd4 36. Rxg7+ 1-0

[Event "Scarborough CC ch Reserves op"]
[Site "Toronto CAN"]
[Date "2010.03.04"]
[Round "2"]
[White "Ugodnikov, Arkadiy"]
[Black "Picana, Andrew"]
[Result "1/2-1/2"]
[WhiteElo "1785"]
[BlackElo "2084"]
[PlyCount "130"]
[EventDate "2010.02.25"]
[EventType "swiss"]
[EventRounds "9"]
[EventCountry "CAN"]

1. e4 e6 2. d4 d5 3. Nd2 c5 4. exd5 Qxd5 5. Ngf3 cxd4 6. Bc4 Qd6 7. O-O Nf6 8.
Nb3 Nc6 9. Nbxd4 Nxd4 10. Nxd4 a6 11. Be3 Qc7 12. Qe2 Bd6 13. h3 O-O 14. Rad1
e5 15. Nf3 b5 16. Bb3 Bb7 17. Bg5 Ne4 18. Bh4 Rae8 19. Bd5 Nc5 20. Bxb7 Nxb7
21. Rfe1 f6 22. Qe4 Kh8 23. c3 Be7 24. Bg3 Nc5 25. Qc2 Rd8 26. Nh4 Rxd1 27.
Rxd1 Rd8 28. Nf5 Rxd1+ 29. Qxd1 Qd8 30. Qxd8+ Bxd8 31. Ne3 Kg8 32. f3 Kf7 33.
Kf1 Ke6 34. Ke2 f5 35. Bf2 Na4 36. Nd1 Ba5 37. Kd3 Bb6 38. Bxb6 Nxb6 39. b3 Nd7
40. Nb2 g5 41. c4 b4 42. Ke3 f4+ 43. Ke2 a5 44. Nd3 h5 45. Kf2 Kf5 46. Ke2 e4
47. fxe4+ Kxe4 48. Nb2 Kd4 49. Nd3 Nf8 50. h4 Ne6 51. hxg5 Nxg5 52. Nxf4 h4 53.
Ng6 h3 54. gxh3 Nxh3 55. Kd2 Ng5 56. Ne7 Ne4+ 57. Kc2 Kc5 58. Nd5 a4 59. Ne3
Nc3 60. bxa4 Nxa2 61. a5 Nc3 62. Kb3 Ne4 63. a6 Kb6 64. Kxb4 Kxa6 65. Nd5 Kb7
1/2-1/2

[Event "Scarborough CC ch Reserves op"]
[Site "Toronto CAN"]
[Date "2010.03.11"]
[Round "3"]
[White "Armstrong, Robert J"]
[Black "Marcille, Gord"]
[Result "0-1"]
[WhiteElo "1746"]
[BlackElo "1778"]
[PlyCount "56"]
[EventDate "2010.02.25"]
[EventType "swiss"]
[EventRounds "9"]
[EventCountry "CAN"]

1. d4 Nf6 2. c4 g6 3. Nc3 Bg7 4. e4 d6 5. f3 O-O 6. Be3 Nbd7 7. Nge2 c5 8. g4
cxd4 9. Nxd4 Ne5 10. Be2 Be6 11. b3 Qa5 12. Qd2 Nc6 13. g5 Nh5 14. Rc1 Nxd4 15.
Bxd4 Bxd4 16. Qxd4 Qxg5 17. Kd1 Nf4 18. Kc2 a5 19. Rcg1 Qh5 20. Bd1 a4 21. h4
axb3+ 22. axb3 h6 23. Qe3 Qe5 24. h5 g5 25. Rh4 Kh7 26. Rhh1 d5 27. Qc5 Rfc8
28. Qxe7 dxc4 0-1

[Event "Scarborough CC ch Reserves op"]
[Site "Toronto CAN"]
[Date "2010.03.11"]
[Round "3"]
[White "Azmitia, Gabriel"]
[Black "Song, Michael"]
[Result "1/2-1/2"]
[WhiteElo "1575"]
[BlackElo "1858"]
[PlyCount "121"]
[EventDate "2010.02.25"]
[EventType "swiss"]
[EventRounds "9"]
[EventCountry "CAN"]

1. Nf3 d5 2. d4 Nf6 3. e3 Bf5 4. Bd3 Bxd3 5. Qxd3 c6 6. O-O e6 7. a3 Bd6 8. b3
O-O 9. Bb2 Nbd7 10. Ne5 Qc7 11. f4 Ne4 12. Nd2 Ndf6 13. Qe2 Nxd2 14. Qxd2 Ne4
15. Qe2 f5 16. Rf3 Bxe5 17. dxe5 Kh8 18. h4 Qf7 19. Rh3 Qg6 20. Kh2 Qg4 21. Re1
Qxe2 22. Rxe2 b5 23. b4 a5 24. c3 axb4 25. cxb4 c5 26. bxc5 Nxc5 27. Rc2 Rfc8
28. Rf3 Nd3 29. Rd2 Nxb2 30. Rxb2 Rc5 31. Rb3 Kg8 32. Rf2 Rac8 33. Rfb2 Rc3 34.
Kg3 d4 35. Rxb5 Rxe3+ 36. Kf2 Rxa3 37. Rd2 Ra4 38. Rb7 Rac4 39. Rd7 d3 40. g3
Rc2 41. R7xd3 Kf8 42. Ke3 Rxd2 43. Kxd2 Ke7 44. Ra3 Rd8+ 45. Ke2 Rd7 46. Ra8
Kf7 47. Ra6 g6 48. Ra8 Re7 49. Ra1 h6 50. Ke3 Rb7 51. Ra3 Rc7 52. Kd3 g5 53.
hxg5 hxg5 54. Ke3 Rc6 55. Rd3 Kg6 56. Kf3 Kh5 57. Rb3 Rc2 58. Rd3 g4+ 59. Ke3
Rg2 60. Kd4 Rf2 61. Rc3 1/2-1/2

[Event "Scarborough CC ch Reserves op"]
[Site "Toronto CAN"]
[Date "2010.03.11"]
[Round "3"]
[White "Bellomo, Joe"]
[Black "Stein, Mickey"]
[Result "1/2-1/2"]
[WhiteElo "1778"]
[BlackElo "2038"]
[PlyCount "120"]
[EventDate "2010.02.25"]
[EventType "swiss"]
[EventRounds "9"]
[EventCountry "CAN"]

1. e4 c5 2. Nf3 Nc6 3. d4 cxd4 4. Nxd4 Nf6 5. Nc3 e5 6. Ndb5 d6 7. Bg5 a6 8.
Na3 b5 9. Nd5 Be7 10. Nxe7 Nxe7 11. Qe2 Be6 12. g3 Qc7 13. Bg2 Rc8 14. c3 O-O
15. Bxf6 gxf6 16. O-O f5 17. exf5 Nxf5 18. Be4 Ng7 19. Nc2 f5 20. Bg2 Bc4 21.
Qd2 Bxf1 22. Rxf1 f4 23. Nb4 Qd7 24. Nd5 Rce8 25. gxf4 exf4 26. Nxf4 Qg4 27.
Qd5+ Kh8 28. Nd3 Rf6 29. h3 Qh4 30. Kh2 Nh5 31. Qc6 Rg8 32. Rg1 Nf4 33. Nxf4
Qxf4+ 34. Kh1 Rfg6 35. Qb6 Qd2 36. Kh2 Rf6 37. Rf1 Rgf8 38. Kg1 Qxb2 39. Qd4
Qe2 40. f4 Qh5 41. Rf2 Qc5 42. Rd2 Qxd4+ 43. Rxd4 a5 44. Bc6 Rb8 45. Kg2 b4 46.
cxb4 Rxb4 47. Rxb4 axb4 48. Kf3 Kg7 49. Bd5 Kf8 50. Ke4 Ke7 51. Kf3 Rf8 52. Kg4
Kf6 53. h4 Rc8 54. h5 Rc5 55. Bb3 d5 56. Kf3 Rc3+ 57. Kg4 h6 58. Bxd5 Rc1 59.
Bb3 Rg1+ 60. Kf3 Rc1 1/2-1/2

[Event "Scarborough CC ch Reserves op"]
[Site "Toronto CAN"]
[Date "2010.03.11"]
[Round "3"]
[White "Bzikot, Robert"]
[Black "Bellissimo, Joseph"]
[Result "1-0"]
[WhiteElo "1928"]
[BlackElo "1726"]
[PlyCount "113"]
[EventDate "2010.02.25"]
[EventType "swiss"]
[EventRounds "9"]
[EventCountry "CAN"]

1. e4 e5 2. Nf3 Nf6 3. Nc3 Nc6 4. Bb5 Nd4 5. a4 Nxb5 6. axb5 d6 7. h3 Be7 8. d3
Be6 9. Be3 O-O 10. Ne2 Qd7 11. c4 a6 12. bxa6 bxa6 13. O-O Rab8 14. Qd2 Ra8 15.
Kh2 Rfb8 16. b4 c6 17. Rfb1 Qc7 18. Qc3 Nd7 19. Ne1 f5 20. f3 fxe4 21. fxe4 c5
22. b5 axb5 23. Rxa8 Rxa8 24. Rxb5 Ra2 25. Nc1 Ra8 26. Qb2 Ra6 27. Ne2 Qa7 28.
Nc3 Rb6 29. Nf3 Bd8 30. Ng5 Nf8 31. Nxe6 Nxe6 32. Nd5 Rxb5 33. Qxb5 Qf7 34. Qc6
Be7 35. Qc8+ Bf8 36. Bd2 Nf4 37. Bxf4 exf4 38. Qg4 Be7 39. Qxf4 Qxf4+ 40. Nxf4
Bg5 41. Nd5 Kf7 42. Kg3 Ke6 43. Kf3 Ke5 44. Ke2 h6 45. g4 Ke6 46. Nc7+ Ke5 47.
Ne8 g6 48. Nc7 Be7 49. Nd5 Bg5 50. Nb6 Ke6 51. Kf3 Bd8 52. Nd5 Bg5 53. Nc3 Ke5
54. Ne2 Bd2 55. Kg3 g5 56. Kf3 Ke6 57. Ng3 1-0

[Event "Scarborough CC ch Reserves op"]
[Site "Toronto CAN"]
[Date "2010.03.11"]
[Round "3"]
[White "Graham, John"]
[Black "Huston, Scott"]
[Result "0-1"]
[WhiteElo "1447"]
[BlackElo "1630"]
[PlyCount "108"]
[EventDate "2010.02.25"]
[EventType "swiss"]
[EventRounds "9"]
[EventCountry "CAN"]

1. e4 c5 2. Nf3 d6 3. Nc3 Nf6 4. Bc4 a6 5. d3 Nc6 6. a3 Bg4 7. Ne2 Bxf3 8. gxf3
Ne5 9. Nf4 Nxc4 10. dxc4 e5 11. Nd5 Nxd5 12. cxd5 Be7 13. Rg1 Bf6 14. Qe2 Qd7
15. Qf1 Qa4 16. Qe2 O-O 17. Bd2 Qxc2 18. Ba5 Qxe2+ 19. Kxe2 Bd8 20. Bd2 f5 21.
Bg5 Bxg5 22. Rxg5 fxe4 23. fxe4 Rf4 24. f3 b5 25. Rag1 g6 26. R1g4 Rf6 27. h4
Rb8 28. h5 Kf7 29. hxg6+ Rxg6 30. f4 Rxg5 31. Rxg5 exf4 32. Rf5+ Kg6 33. Rxf4
b4 34. a4 b3 35. Kd3 Rb4 36. Rg4+ Kh5 37. Rg7 h6 38. Re7 Kg5 39. a5 h5 40. e5
Rd4+ 41. Kc3 Rxd5 42. exd6 Rxd6 43. Re5+ Kg4 44. Kxb3 h4 45. Kc4 h3 46. Kxc5
Rf6 47. Re1 h2 48. b4 Kg3 49. b5 Kg2 50. b6 Rf1 51. Re2+ Rf2 52. Re1 Rf5+ 53.
Kb4 h1=Q 54. Rxh1 Kxh1 0-1

[Event "Scarborough CC ch Reserves op"]
[Site "Toronto CAN"]
[Date "2010.03.11"]
[Round "3"]
[White "Lin, Tony (Juntao)"]
[Black "Hahnewald, Uwe"]
[Result "0-1"]
[WhiteElo "1734"]
[BlackElo "1935"]
[PlyCount "104"]
[EventDate "2010.02.25"]
[EventType "swiss"]
[EventRounds "9"]
[EventCountry "CAN"]

1. d4 Nf6 2. c4 e6 3. g3 d5 4. Bg2 c6 5. Nf3 Bd6 6. O-O Nbd7 7. Qc2 O-O 8. Nbd2
Qe7 9. e4 dxe4 10. Nxe4 Nxe4 11. Qxe4 e5 12. dxe5 Nxe5 13. Nxe5 Qxe5 14. Qxe5
Bxe5 15. Re1 Bf6 16. h3 Be6 17. Bf1 Rfd8 18. g4 g6 19. Rb1 Rd7 20. Be3 Bd4 21.
Bxd4 Rxd4 22. Rbd1 Rad8 23. Rxd4 Rxd4 24. b3 c5 25. Bg2 b6 26. Kf1 Kf8 27. Ke2
Ke7 28. Ke3 Kd6 29. f4 h6 30. Bf3 f6 31. Bg2 f5 32. Bf3 g5 33. fxg5 f4+ 34. Ke2
hxg5 35. Bg2 Bf7 36. Bh1 Bg6 37. Bg2 Rd3 38. Bf3 Re3+ 39. Kf2 Rxe1 40. Kxe1 Bb1
41. a3 a5 42. Ke2 Ke5 43. Ke1 Bc2 44. Bd1 Bxd1 45. Kxd1 Ke4 46. Ke2 f3+ 47. Kf2
Kf4 48. a4 Ke4 49. Kf1 Ke3 50. Ke1 f2+ 51. Kf1 Kf3 52. h4 gxh4 0-1

[Event "Scarborough CC ch Reserves op"]
[Site "Toronto CAN"]
[Date "2010.03.11"]
[Round "3"]
[White "Maister, Martin"]
[Black "Mesiti, Silvano"]
[Result "1/2-1/2"]
[WhiteElo "1875"]
[BlackElo "1735"]
[PlyCount "103"]
[EventDate "2010.02.25"]
[EventType "swiss"]
[EventRounds "9"]
[EventCountry "CAN"]

1. c4 d5 2. cxd5 Qxd5 3. Nc3 Qd8 4. Nf3 Nc6 5. g3 Nf6 6. Bg2 e5 7. O-O Bd6 8.
d3 O-O 9. a3 Be6 10. b4 a6 11. Bb2 Qc8 12. Re1 Rd8 13. Qc2 Rb8 14. Na4 Nd7 15.
Ng5 Nd4 16. Bxd4 exd4 17. Nxe6 fxe6 18. Nc5 Nxc5 19. bxc5 Be5 20. Qd2 Re8 21.
Ra2 c6 22. Rb1 Bf6 23. Bh3 Qc7 24. Rab2 e5 25. Bf5 Be7 26. Qc2 Kh8 27. Rb3 Bf8
28. Be4 Re7 29. Rb6 Rf7 30. Qc4 Rf6 31. Kg2 g6 32. Qb4 Re6 33. Rxa6 Bxc5 34.
Qc4 Qe7 35. Rxc6 Rxc6 36. Bxc6 Bxa3 37. Qd5 b6 38. Qe4 Bc5 39. f4 exf4 40. Qxe7
Bxe7 41. gxf4 Kg7 42. Kf3 Kf6 43. Ke4 Bc5 44. Ra1 Rc8 45. Bb5 Rc7 46. Ra8 Re7+
47. Kf3 h6 48. Bc4 g5 49. fxg5+ hxg5 50. Rf8+ Ke5 51. Kg4 Kd6 52. Rf6+ 1/2-1/2

[Event "Scarborough CC ch Reserves op"]
[Site "Toronto CAN"]
[Date "2010.03.11"]
[Round "3"]
[White "Manalo, Pepin"]
[Black "Gillis, Doug"]
[Result "1-0"]
[WhiteElo "1838"]
[BlackElo "1611"]
[PlyCount "67"]
[EventDate "2010.02.25"]
[EventType "swiss"]
[EventRounds "9"]
[EventCountry "CAN"]

1. e4 e6 2. g3 d5 3. e5 c5 4. Bg2 Nc6 5. Nf3 Nge7 6. O-O Qc7 7. Re1 Nd4 8. c3
Ndc6 9. d4 cxd4 10. cxd4 Ng6 11. Nc3 Be7 12. Be3 O-O 13. Rc1 Bd7 14. h4 Bb4 15.
h5 Nge7 16. h6 Nf5 17. hxg7 Kxg7 18. Bf4 Qb6 19. a3 Be7 20. Na4 Qb5 21. Bf1 Qa5
22. Nc5 Bxc5 23. Rxc5 Qd8 24. Qd2 Kh8 25. Bh3 Ng7 26. Bh6 Rg8 27. Bg5 Qb6 28.
Bf6 Rac8 29. b4 Nb8 30. Qh6 Rxc5 31. bxc5 Qa5 32. Kg2 Be8 33. Ng5 Qxe1 34.
Qxh7# 1-0

[Event "Scarborough CC ch Reserves op"]
[Site "Toronto CAN"]
[Date "2010.03.11"]
[Round "3"]
[White "Moysoski, Randy"]
[Black "Fiedler, Brian"]
[Result "1/2-1/2"]
[WhiteElo "1886"]
[BlackElo "2161"]
[PlyCount "61"]
[EventDate "2010.02.25"]
[EventType "swiss"]
[EventRounds "9"]
[EventCountry "CAN"]

1. e4 c5 2. Nc3 Nc6 3. g3 g6 4. Bg2 Bg7 5. Nh3 d6 6. d3 e6 7. Be3 Nge7 8. Qd2
Nd4 9. Nd1 e5 10. Ng1 O-O 11. c3 Ne6 12. Nh3 f5 13. O-O Rb8 14. Bh6 f4 15. Bxg7
Kxg7 16. gxf4 exf4 17. f3 Nc6 18. Kh1 Qf6 19. Rg1 b5 20. a3 a5 21. Bf1 Bd7 22.
Qg2 b4 23. axb4 axb4 24. Nhf2 bxc3 25. bxc3 Ra8 26. Rc1 Ra2 27. Qh3 Ne5 28. Ng4
Nxg4 29. Qxg4 Rfa8 30. Qh5 Qe5 31. Qh4 1/2-1/2

[Event "Scarborough CC ch Reserves op"]
[Site "Toronto CAN"]
[Date "2011.03.10"]
[Round "3"]
[White "Posaratnanathan, Juliaan"]
[Black "Bzikot, Robert"]
[Result "1/2-1/2"]
[WhiteElo "1884"]
[BlackElo "1995"]
[PlyCount "68"]
[EventDate "2010.02.25"]
[EventType "swiss"]
[EventRounds "9"]
[EventCountry "CAN"]

1. e4 d6 2. d4 Nf6 3. Nc3 g6 4. Bg5 Nc6 5. Qd2 h6 6. Bh4 Bg7 7. O-O-O O-O 8. f4
a6 9. Nf3 b5 10. e5 Nd7 11. d5 Ncb8 12. e6 fxe6 13. Nd4 Nf6 14. Nxe6 Bxe6 15.
dxe6 c6 16. Bd3 Kh7 17. Bxg6+ Kh8 18. f5 b4 19. Bxf6 Rxf6 20. Ne4 Rf8 21. Qxb4
Qc7 22. Ng5 a5 23. Qh4 Qb6 24. Rd3 Qxb2+ 25. Kd2 Qb4+ 26. Qxb4 axb4 27. Nf7+
Rxf7 28. Bxf7 Rxa2 29. Rxd6 Be5 30. Rd8+ Kg7 31. Rg8+ Kh7 32. f6 Ra7 33. Rg7+
Kh8 34. Rg8+ Kh7 1/2-1/2

[Event "Scarborough CC ch Reserves op"]
[Site "Toronto CAN"]
[Date "2010.03.11"]
[Round "3"]
[White "Rapoport, Alexander"]
[Black "Super, Russell"]
[Result "1-0"]
[WhiteElo "1809"]
[BlackElo "1449"]
[PlyCount "93"]
[EventDate "2010.02.25"]
[EventType "swiss"]
[EventRounds "9"]
[EventCountry "CAN"]

1. d4 Nf6 2. c4 g6 3. Nf3 Bg7 4. Nc3 d5 5. e3 O-O 6. b3 Bg4 7. Be2 e6 8. h3
Bxf3 9. Bxf3 Nc6 10. O-O Qd7 11. Bb2 a6 12. cxd5 Nxd5 13. Rc1 Rac8 14. Qe2 Nce7
15. Ne4 Qb5 16. Nc5 b6 17. Nxa6 Qxe2 18. Bxe2 c6 19. a3 Nf5 20. Rfd1 Nd6 21. f3
Nxe3 22. Rd3 Nd5 23. a4 Nf5 24. g4 Nd6 25. Ba3 Rfd8 26. Rdd1 Ne8 27. Nb4 Nef6
28. Nxc6 Re8 29. Bb5 Kh8 30. h4 Bf8 31. Bxf8 Rxf8 32. Kf2 h6 33. Ne5 Kg7 34.
Rc4 Nc3 35. Rc1 Rxc4 36. bxc4 Nxb5 37. axb5 Rd8 38. Ke3 Kf8 39. Ra1 Ke8 40. Ra7
Ng8 41. Nxf7 Rd7 42. Rxd7 Kxd7 43. c5 Kc7 44. Ke4 h5 45. Ke5 bxc5 46. dxc5 Kd7
47. c6+ 1-0

[Event "Scarborough CC ch Reserves op"]
[Site "Toronto CAN"]
[Date "2010.03.11"]
[Round "3"]
[White "Rutherdale, William"]
[Black "Paterson, Jim"]
[Result "1/2-1/2"]
[WhiteElo "1734"]
[BlackElo "1905"]
[PlyCount "127"]
[EventDate "2010.02.25"]
[EventType "swiss"]
[EventRounds "9"]
[EventCountry "CAN"]

1. d4 c6 2. c4 e5 3. d5 Bb4+ 4. Bd2 Bc5 5. b4 Bd4 6. Bc3 Qb6 7. Bxd4 exd4 8. a3
cxd5 9. c5 Qf6 10. Nf3 d3 11. Ra2 dxe2 12. Rxe2+ Ne7 13. Qxd5 O-O 14. Qe5 Qxe5
15. Nxe5 Nbc6 16. Nc4 Nf5 17. Nc3 Nfd4 18. Re4 f5 19. Rh4 b5 20. cxb6 axb6 21.
b5 Nc2+ 22. Kd2 N6d4 23. Bd3 g5 24. Rh6 Nxa3 25. Nxb6 Nb3+ 26. Kd1 Ra7 27. Ncd5
Bb7 28. Re1 Kg7 29. Rd6 Bxd5 30. Rxd5 Rf7 31. Ree5 Rc7 32. Rxf5 Rxf5 33. Bxf5
Nc5 34. Nxd7 Na4 35. Rd3 Nc3+ 36. Kd2 Naxb5 37. Rh3 h6 38. Re3 Nd5 39. Rb3 Nd4
40. Rd3 Rc2+ 41. Ke1 Nxf5 42. Rxd5 Nh4 43. g3 Nf3+ 44. Kf1 Nxh2+ 45. Kg2 Ng4
46. Kf3 Nxf2 47. Ne5 Kf6 48. Ng4+ Nxg4 49. Kxg4 Rh2 50. Rd6+ Ke5 51. Rd3 Ke4
52. Ra3 Re2 53. Ra4+ Ke3 54. Ra3+ Kf2 55. Rb3 Re4+ 56. Kh5 Re6 57. Kg4 Rf6 58.
Ra3 Kg2 59. Rb3 Rf2 60. Ra3 Rb2 61. Rc3 Rb4+ 62. Kh5 Kh3 63. Kxh6 Rg4 64. Rd3
1/2-1/2

[Event "Scarborough CC ch Reserves op"]
[Site "Toronto CAN"]
[Date "2010.03.11"]
[Round "3"]
[White "Southam, David"]
[Black "Cale, Ferdinand"]
[Result "1-0"]
[WhiteElo "2168"]
[BlackElo "1626"]
[PlyCount "109"]
[EventDate "2010.02.25"]
[EventType "swiss"]
[EventRounds "9"]
[EventCountry "CAN"]

1. d4 e6 2. c4 c6 3. Nc3 Bb4 4. Qc2 Ne7 5. a3 Bxc3+ 6. Qxc3 d5 7. Nf3 f6 8. g3
O-O 9. Bg2 Ng6 10. O-O Re8 11. b3 Nd7 12. Rd1 Ndf8 13. Bb2 Bd7 14. Nd2 Rc8 15.
e4 Ne7 16. f4 f5 17. exf5 Nxf5 18. Nf3 Ng6 19. Re1 b6 20. Re2 a6 21. Rae1 h6
22. Qd3 b5 23. Bc3 Qf6 24. Bb4 Kf7 25. Bc5 Rb8 26. Rf1 Kg8 27. Bh3 Rbc8 28. Kh1
Kh8 29. Rfe1 Qf7 30. Bg4 Qf6 31. Bh5 dxc4 32. bxc4 Nfe7 33. Ne5 Nf8 34. Bxe8
Bxe8 35. Bxe7 Qxe7 36. f5 Qg5 37. Rf2 Kg8 38. Ref1 Nd7 39. fxe6 Nf6 40. h4 Qh5
41. Rf5 Bg6 42. Rxh5 Bxd3 43. Rxf6 gxf6 44. Nxd3 bxc4 45. Nf4 Rd8 46. Rc5 Rxd4
47. Rxc6 Re4 48. Rxa6 Kg7 49. Ra7+ Kf8 50. Rc7 Ke8 51. a4 c3 52. Rxc3 Rxa4 53.
Nd5 Kd8 54. e7+ Ke8 55. Rc8+ 1-0

[Event "Scarborough CC ch Reserves op"]
[Site "Toronto CAN"]
[Date "2010.03.11"]
[Round "3"]
[White "Stewart, Frankie"]
[Black "Radpey, Abdolreza"]
[Result "1-0"]
[WhiteElo "1766"]
[BlackElo "1555"]
[PlyCount "107"]
[EventDate "2010.02.25"]
[EventType "swiss"]
[EventRounds "9"]
[EventCountry "CAN"]

1. c4 c5 2. e4 Nc6 3. Nf3 e6 4. Nc3 g6 5. d4 cxd4 6. Nxd4 Bc5 7. Nb3 Bb4 8. Qc2
e5 9. Be2 Nd4 10. Qd1 Nf6 11. f3 a5 12. Nxd4 exd4 13. Qxd4 Ra6 14. e5 Nh5 15.
Bh6 Qe7 16. e6 f6 17. O-O-O Rxe6 18. Ne4 Rg8 19. g4 Ng7 20. Bd2 f5 21. Bg5 Qf7
22. Nf6+ Rxf6 23. Qxf6 Qxf6 24. Bxf6 Ne6 25. Rhg1 Nf4 26. Bd3 Bc5 27. Rge1+ Kf7
28. Bg5 Ne6 29. Be3 f4 30. Bxc5 Nxc5 31. Be4 Rd8 32. Bd5+ Kf6 33. Kc2 d6 34.
Rd4 g5 35. h4 h6 36. hxg5+ hxg5 37. Rh1 Kg6 38. Be4+ Nxe4 39. Rxe4 b5 40. cxb5
d5 41. Rd4 Bb7 42. Kd2 Re8 43. Re1 Rh8 44. Re2 Kf6 45. Ra4 Ra8 46. Rd4 a4 47.
a3 Rd8 48. Rh2 Kg6 49. Kc3 Rc8+ 50. Kb4 Rc4+ 51. Rxc4 dxc4 52. Kxc4 Bxf3 53. b4
Kf6 54. Rh3 1-0

[Event "Scarborough CC ch Reserves op"]
[Site "Toronto CAN"]
[Date "2010.03.11"]
[Round "3"]
[White "Ugodnikov, Arkadiy"]
[Black "Krupka, David"]
[Result "1-0"]
[WhiteElo "1785"]
[BlackElo "2015"]
[PlyCount "47"]
[EventDate "2010.02.25"]
[EventType "swiss"]
[EventRounds "9"]
[EventCountry "CAN"]

1. e4 c6 2. d4 d5 3. f3 e6 4. Nc3 Bb4 5. Nge2 dxe4 6. fxe4 Qh4+ 7. Ng3 Nf6 8.
Qf3 e5 9. dxe5 Ng4 10. Bd2 Nxe5 11. Qe3 Be6 12. a3 Be7 13. O-O-O Nbd7 14. Nf5
Bxf5 15. exf5 Bc5 16. Qf4 Qxf4 17. Bxf4 O-O-O 18. Be2 Rhe8 19. Ne4 Bf8 20. Nd6+
Bxd6 21. Rxd6 f6 22. Rhd1 Nf7 23. Rxc6+ bxc6 24. Ba6# 1-0

[Event "Scarborough CC ch Reserves op"]
[Site "Toronto CAN"]
[Date "2010.03.11"]
[Round "3"]
[White "Verde, Pino"]
[Black "Morra, Lui"]
[Result "0-1"]
[WhiteElo "1895"]
[BlackElo "1660"]
[PlyCount "70"]
[EventDate "2010.02.25"]
[EventType "swiss"]
[EventRounds "9"]
[EventCountry "CAN"]

1. e4 c5 2. Nf3 e6 3. d3 d6 4. g3 Nf6 5. Bg2 Be7 6. Nbd2 Nc6 7. c3 e5 8. a4 Bg4
9. Nc4 O-O 10. Ne3 Bh5 11. Nf5 Qc7 12. Bd2 d5 13. Qc2 Rad8 14. b4 dxe4 15. dxe4
Rd7 16. b5 Na5 17. c4 Rfd8 18. Be3 Rd3 19. Nd2 Ng4 20. Nf1 Nxe3 21. N5xe3 Nb3
22. Nd5 Qa5+ 23. Nd2 Rxd2 24. Qc3 Qxc3 25. Nxc3 Nxa1 26. O-O Nc2 27. Nd5 Bf8
28. f3 Nd4 29. h4 f5 30. exf5 Bf7 31. f4 e4 32. Bxe4 Ne2+ 33. Kf2 Nc3+ 34. Kf3
Nxe4 35. Kxe4 Bxd5+ 0-1